[Event "AUT-chT 2122"]
[Site "Austria"]
[Date "2022.03.26"]
[Round "7.5"]
[White "Lovrinovic, Christian"]
[Black "Walter, Stefan1111"]
[Result "1/2-1/2"]
[WhiteElo "2128"]
[BlackElo "2382"]
[PlyCount "183"]
[EventDate "2021.11.04"]
[EventType "team-tourn"]
[EventRounds "11"]
[EventCountry "AUT"]
[SourceTitle "EXT 2023"]
[Source "ChessBase"]
[SourceDate "2022.10.05"]
[SourceVersion "1"]
[SourceVersionDate "2022.10.05"]
[SourceQuality "1"]
[WhiteTeam "Pamhagen"]
[BlackTeam "Goetzis"]
[WhiteTeamCountry "AUT"]
[BlackTeamCountry "AUT"]

1. d4 Nf6 2. c4 e6 3. Nc3 Bb4 4. g3 0-0 5. Bg2 d5 6. a3 Bxc3+ 7. bxc3 dxc4 8. Qa4 Bd7 9. Qxc4 Bc6 10. f3 Nbd7 11. e4 Nb6 12. Qd3 Nfd7 13. Ne2 Ne5 14. Qb1 Nec4 15. 0-0 Rc8 16. Re1 Ba4 17. Ra2 c5 18. Bh3 Rc6 19. Bf4 Re8 20. Bg2 Qe7 21. Bc1 Rec8 22. h4 h6 23. Kh2 Na5 24. Bh3 Nbc4 25. e5 cxd4 26. Nxd4 Rb6 27. Qe4 Nb3 28. Bf1 Nxc1 29. Rxc1 Rb2+ 30. Rxb2 Nxb2 31. f4 Bc6 32. Nxc6 Rxc6 33. Qb4 Qxb4 34. axb4 Rc7 35. c4 Rd7 36. c5 Nd3 37. Bxd3 Rxd3 38. c6 bxc6 39. Rxc6 Rb3 40. Ra6 Rxb4 41. Rxa7 g5 42. hxg5 hxg5 43. fxg5 Kg7 44. Kh3 Rb5 45. Kh4 Kg6 46. Ra8 Rb4+ 47. g4 Rb1 48. Rg8+ Kh7 49. Rc8 Re1 50. Kg3 Rxe5 51. Kf4 Re1 52. Re8 Kg7 53. Kf3 Rf1+ 54. Ke4 Rh1 55. Rb8 Rh4 56. Kf4 Rh8 57. Rb5 Kg6 58. Ra5 Rb8 59. Kg3 Rb4 60. Kh4 Rb1 61. Kg3 Rd1 62. Kh4 Rd8 63. Rb5 Kg7 64. Ra5 Re8 65. Re5 Kg6 66. Ra5 e5 67. Ra6+ Kg7 68. Kg3 e4 69. Kf2 e3+ 70. Ke2 Re4 71. Ra5 Kg6 72. Rb5 Rxg4 73. Kxe3 Rxg5 74. Rb6+ f6 75. Kf3 Rf5+ 76. Kg3 Rf1 77. Kg2 Ra1 78. Kf3 Kg5 79. Rb3 Ra2 80. Kg3 f5 81. Kf3 Ra4 82. Kg3 Rg4+ 83. Kf3 Rh4 84. Kg3 f4+ 85. Kg2 Rh8 86. Ra3 Rb8 87. Rc3 Rb2+ 88. Kf3 Rb5 89. Ra3 Re5 90. Rb3 Re3+ 91. Rxe3 fxe3 92. Kxe3 1/2-1/2

[Event "AUT-chT 2122"]
[Site "Austria"]
[Date "2022.03.24"]
[Round "5.4"]
[White "Lovrinovic, Christian"]
[Black "Peyrer, Konstantin"]
[Result "0-1"]
[WhiteElo "2128"]
[BlackElo "2295"]
[PlyCount "96"]
[EventDate "2021.11.04"]
[EventType "team-tourn"]
[EventRounds "11"]
[EventCountry "AUT"]
[SourceTitle "EXT 2023"]
[Source "ChessBase"]
[SourceDate "2022.10.05"]
[SourceVersion "1"]
[SourceVersionDate "2022.10.05"]
[SourceQuality "1"]
[WhiteTeam "Pamhagen"]
[BlackTeam "Wien Ottakring"]
[WhiteTeamCountry "AUT"]
[BlackTeamCountry "AUT"]

1. d4 Nf6 2. c4 g6 3. Nc3 d5 4. cxd5 Nxd5 5. e4 Nxc3 6. bxc3 Bg7 7. Nf3 c5 8. Rb1 0-0 9. Be2 Nc6 10. d5 Ne5 11. Nxe5 Bxe5 12. Qd2 e6 13. f4 Bc7 14. 0-0 exd5 15. exd5 Ba5 16. Kh1 Qf6 17. Rb3 b6 18. Bb2 Re8 19. Qd1 Bd7 20. c4 Qh4 21. Rg3 Re4 22. Be5 Re8 23. Bd3 R8xe5 24. fxe5 Rxe5 25. Qf3 f5 26. Qf4 Qxf4 27. Rxf4 Be1 28. Rgf3 Bd2 29. Rh4 Bg5 30. Rhh3 f4 31. Kg1 Bxh3 32. Rxh3 Re1+ 33. Kf2 Ra1 34. Kf3 Rxa2 35. d6 Rd2 36. Ke4 Kg7 37. Kd5 Rxg2 38. Kc6 Rb2 39. Kc7 Rb3 40. d7 a5 41. Rf3 a4 42. d8Q Bxd8+ 43. Kxd8 a3 44. Rxf4 Rxd3+ 45. Kc7 a2 46. Rf1 Rb3 47. Ra1 Rb2 48. Kc6 h5 0-1

[Event "AUT-chT 2122"]
[Site "Austria"]
[Date "2021.11.04"]
[Round "1.4"]
[White "Lovrinovic, Christian"]
[Black "Diermair, Andreas"]
[Result "1/2-1/2"]
[WhiteElo "2128"]
[BlackElo "2494"]
[PlyCount "114"]
[EventDate "2021.11.04"]
[EventType "team-tourn"]
[EventRounds "11"]
[EventCountry "AUT"]
[SourceTitle "CBM 205 Extra"]
[Source "ChessBase"]
[SourceDate "2022.01.31"]
[SourceVersion "1"]
[SourceVersionDate "2022.01.31"]
[SourceQuality "1"]
[WhiteTeam "Pamhagen"]
[BlackTeam "Raika Feffernitz"]
[WhiteTeamCountry "AUT"]
[BlackTeamCountry "AUT"]

1. d4 e6 2. c4 f5 3. Nf3 Nf6 4. g3 d5 5. Bg2 Bd6 6. 0-0 0-0 7. Nc3 c6 8. Bf4 Bxf4 9. gxf4 Qe7 10. c5 Bd7 11. Ne5 Be8 12. e3 Kh8 13. Kh1 Nbd7 14. Nd3 Ng4 15. h3 Qh4 16. Kg1 Ngf6 17. Qe1 Rg8 18. f3 Qh6 19. Kh2 g5 20. fxg5 Rxg5 21. Rg1 Bf7 22. Bh1 Rh5 23. Rg3 Rh4 24. Nf4 e5 25. dxe5 Nxe5 26. Nce2 Re8 27. Qc3 Nfd7 28. Ng2 Rc4 29. Qa3 a6 30. Nd4 Qf6 31. f4 Ng6 32. b4 Re4 33. Rd1 Ngf8 34. Rg5 Bg6 35. Nh4 Ne6 36. Bxe4 Nxg5 37. Bg2 Ne6 38. Nhf3 Bh5 39. Nxe6 Bxf3 40. Bxf3 Rc2+ 41. Kh1 Qxe6 42. Qa5 Nf8 43. Qd8 Kg7 44. Rg1+ Ng6 45. e4 dxe4 46. Bd1 Rxa2 47. Qd4+ Qf6 48. Qd7+ Kh6 49. Rg5 Nxf4 50. Rxf5 Qh4 51. Qd6+ Ng6 52. Rh5+ Qxh5 53. Bxh5 Kxh5 54. Qe6 Ra1+ 55. Kh2 Rf1 56. Qg4+ Kh6 57. Qxe4 Rf4 1/2-1/2

[Event "AUT-chT 2021"]
[Site "Austria"]
[Date "2021.03.14"]
[Round "7.1"]
[White "Korpa, Bence"]
[Black "Lovrinovic, Christian"]
[Result "1-0"]
[WhiteElo "2542"]
[BlackElo "2111"]
[PlyCount "143"]
[EventDate "2021.01.22"]
[EventType "team-tourn"]
[EventRounds "7"]
[EventCountry "AUT"]
[SourceTitle "EXT 2022"]
[Source "ChessBase"]
[SourceDate "2021.10.06"]
[SourceVersion "1"]
[SourceVersionDate "2021.10.06"]
[SourceQuality "1"]
[WhiteTeam "Fuerstenfeld/Hartberg"]
[BlackTeam "Pamhagen"]
[WhiteTeamCountry "AUT"]
[BlackTeamCountry "AUT"]

1. e4 d5 2. exd5 Qxd5 3. Nc3 Qd8 4. d4 Nf6 5. Nf3 Bg4 6. h3 Bxf3 7. Qxf3 c6 8. Be3 e6 9. Bd3 Nbd7 10. 0-0 Bd6 11. Rad1 0-0 12. Ne4 Nxe4 13. Qxe4 Nf6 14. Qh4 Be7 15. Rfe1 g6 16. Qg3 Nd5 17. Bh6 Re8 18. Rxe6 Bf8 19. Rxe8 Qxe8 20. Bxf8 Qxf8 21. c4 Nf6 22. Qf4 Nh5 23. Qc7 Qb4 24. b3 Re8 25. Bf1 Qb6 26. Qxb6 axb6 27. g3 Kf8 28. c5 bxc5 29. dxc5 Nf6 30. Bc4 h5 31. h4 Ra8 32. a4 Ke7 33. Ra1 Nd7 34. b4 Ne5 35. Bf1 Nf3+ 36. Kg2 Nd4 37. Ra2 Ne6 38. Kf3 Rd8 39. Ke3 Rd4 40. Rb2 Rd1 41. Bc4 Ra1 42. a5 Ra4 43. Kd3 Ra3+ 44. Bb3 Ra1 45. Re2 Ra3 46. Kc3 Ra1 47. Kb2 Rf1 48. b5 Kd7 49. Bxe6+ fxe6 50. a6 bxa6 51. bxa6 Kc7 52. Kc3 e5 53. Kd3 Rd1+ 54. Ke4 Rd5 55. Ra2 Kb8 56. a7+ Ka8 57. Ra5 Rd2 58. Kxe5 Rxf2 59. Ra3 Rd2 60. Kf6 Rd5 61. Ra5 Rd3 62. Kxg6 Rxg3+ 63. Kxh5 Rg1 64. Kh6 Rg4 65. h5 Rg1 66. Ra6 Rc1 67. Rxc6 Kxa7 68. Kg7 Kb7 69. Rf6 Rxc5 70. h6 Rg5+ 71. Rg6 Rxg6+ 72. Kxg6 1-0

[Event "AUT-chT 2021"]
[Site "Austria"]
[Date "2021.03.12"]
[Round "5.2"]
[White "Lagarde, Maxime"]
[Black "Lovrinovic, Christian"]
[Result "1/2-1/2"]
[WhiteElo "2651"]
[BlackElo "2111"]
[PlyCount "121"]
[EventDate "2021.01.22"]
[EventType "team-tourn"]
[EventRounds "7"]
[EventCountry "AUT"]
[SourceTitle "EXT 2022"]
[Source "ChessBase"]
[SourceDate "2021.10.06"]
[SourceVersion "1"]
[SourceVersionDate "2021.10.06"]
[SourceQuality "1"]
[WhiteTeam "Raika Feffernitz"]
[BlackTeam "Pamhagen"]
[WhiteTeamCountry "AUT"]
[BlackTeamCountry "AUT"]

1. Nf3 Nf6 2. c4 g6 3. d4 Bg7 4. g3 d6 5. Bg2 0-0 6. 0-0 c6 7. Nc3 Qa5 8. h3 Be6 9. Nd2 Na6 10. a3 d5 11. b4 Qd8 12. b5 Nc7 13. bxc6 bxc6 14. Nb3 Na6 15. cxd5 Nxd5 16. Na4 Nb6 17. Nac5 Nxc5 18. Nxc5 Bd5 19. e4 Bc4 20. Be3 Bxf1 21. Bxf1 e5 22. dxe5 Qxd1 23. Rxd1 Bxe5 24. Nb7 Rfe8 25. Rb1 Re7 26. Na5 Rc7 27. f4 Bc3 28. Nb3 Rd8 29. Kg2 Na4 30. Kf3 Rb8 31. Ba6 c5 32. Bc4 Nb2 33. Nxc5 Rbc8 34. Ba6 Rxc5 35. Bxc8 Rxc8 36. Bxa7 Nc4 37. Rb8 Rxb8 38. Bxb8 Nxa3 39. g4 Nb5 40. g5 Bb4 41. Be5 Kf8 42. f5 Ke7 43. h4 Nd6 44. Bg3 Kd7 45. h5 gxh5 46. Bf4 Be1 47. Ke2 Bc3 48. Kd3 Ba1 49. Ke3 Kc6 50. Kf3 Bb2 51. Kg3 Nxe4+ 52. Kh4 Nd6 53. Bxd6 Kxd6 54. Kxh5 Ke5 55. g6 Kf6 56. gxf7 Kxf7 57. f6 Bxf6 58. Kg4 Kg6 59. Kh3 Kf5 60. Kg2 Kg4 61. Kh1 1/2-1/2

[Event "AUT-chT 2021"]
[Site "Austria"]
[Date "2021.01.23"]
[Round "3.3"]
[White "Lovrinovic, Christian"]
[Black "Schwabeneder, Florian"]
[Result "0-1"]
[WhiteElo "2111"]
[BlackElo "2440"]
[PlyCount "134"]
[EventDate "2021.01.22"]
[EventType "team-tourn"]
[EventRounds "7"]
[EventCountry "AUT"]
[SourceTitle "CBM 200 Extra"]
[Source "ChessBase"]
[SourceDate "2021.03.31"]
[SourceVersion "1"]
[SourceVersionDate "2021.03.31"]
[SourceQuality "1"]
[WhiteTeam "Pamhagen"]
[BlackTeam "Grieskirchen/Schallerbach"]
[WhiteTeamCountry "AUT"]
[BlackTeamCountry "AUT"]

1. d4 Nf6 2. c4 e6 3. Nc3 Bb4 4. g3 0-0 5. Bg2 d6 6. Nf3 Bxc3+ 7. bxc3 Bd7 8. Nd2 Nc6 9. Rb1 Rb8 10. 0-0 e5 11. d5 Na5 12. h3 b6 13. e4 Bc8 14. Re1 Ba6 15. Bf1 Nd7 16. Ba3 Bc8 17. Nb3 Nb7 18. Bc1 Ndc5 19. g4 f6 20. Qf3 Qe7 21. Qg3 Bd7 22. Kh2 Rbe8 23. Bd2 Bc8 24. Bc1 Kh8 25. Qh4 Nd8 26. Nxc5 dxc5 27. Bd3 Nf7 28. Rb2 Ba6 29. Rb3 Nd6 30. Ra3 Bxc4 31. Bxc4 Nxc4 32. Rxa7 Nd6 33. Ra3 Ra8 34. Rxa8 Rxa8 35. Re2 g5 36. Qg3 Kg7 37. h4 h6 38. Kg2 Nf7 39. c4 Nd6 40. hxg5 hxg5 41. Qb3 Qd7 42. f3 Ra4 43. Rc2 Rb4 44. Qd3 Qa4 45. Bb2 Rxc4 46. Re2 Qe8 47. Kg3 Ra4 48. a3 Qb5 49. Qd2 Nc4 50. Qd3 Ra8 51. Rh2 Rh8 52. Rxh8 Kxh8 53. Bc1 Nd6 54. Qc2 Kg7 55. Kf2 Qa5 56. Qb2 Kg6 57. Qc2 Nb5 58. Qc4 Nd6 59. Qc2 c4 60. Bb2 Qc5+ 61. Kg2 Qe3 62. Bc3 Nb5 63. Bxe5 fxe5 64. Qxc4 Nd4 65. Qxc7 Qxf3+ 66. Kh2 Qe2+ 67. Kg3 Qd3+ 0-1

[Event "Niederoesterreich Landesliga 1718"]
[Site "Austria"]
[Date "2018.03.18"]
[Round "10.2"]
[White "Lovrinovic, Christian"]
[Black "Vyskocil, Neklan"]
[Result "1/2-1/2"]
[WhiteElo "2139"]
[BlackElo "2325"]
[PlyCount "66"]
[EventDate "2017.10.01"]
[EventType "team-tourn"]
[EventRounds "11"]
[EventCountry "AUT"]
[SourceTitle "EXT 2019"]
[Source "ChessBase"]
[SourceDate "2018.10.10"]
[SourceVersion "1"]
[SourceVersionDate "2018.10.10"]
[SourceQuality "1"]
[WhiteTeam "Boehlerwerk"]
[BlackTeam "Zwettl"]
[WhiteTeamCountry "AUT"]
[BlackTeamCountry "AUT"]

1. d4 Nf6 2. c4 e6 3. Nc3 Bb4 4. g3 0-0 5. Bg2 d6 6. Nf3 Qe7 7. Qb3 a5 8. 0-0 Nc6 9. Na4 e5 10. e3 exd4 11. exd4 Bg4 12. Be3 Ne4 13. Qd3 d5 14. cxd5 Nd8 15. Ne5 Nf6 16. Bg5 Bd7 17. Nc3 Re8 18. Ne4 Bf5 19. Nxf6+ Qxf6 20. Qe3 Qa6 21. Qf4 Bg6 22. Nxg6 Qxg6 23. Bxd8 Bd6 24. Qg5 Rexd8 25. Qxg6 hxg6 26. a3 Re8 27. Rfe1 Rxe1+ 28. Rxe1 Kf8 29. Kf1 Re8 30. Re3 f5 31. Ke2 Kf7 32. Rxe8 Kxe8 33. Kd3 b6 1/2-1/2

[Event "AUT-ch"]
[Site "Graz"]
[Date "2017.08.20"]
[Round "9"]
[White "Lovrinovic, Christian"]
[Black "Wegerer, Fred"]
[Result "1-0"]
[WhiteElo "2175"]
[BlackElo "2088"]
[PlyCount "145"]
[EventDate "2017.08.12"]
[EventType "swiss"]
[EventRounds "9"]
[EventCountry "AUT"]
[SourceTitle "CBM 180 Extra"]
[Source "ChessBase"]
[SourceDate "2017.10.06"]
[SourceVersion "1"]
[SourceVersionDate "2017.10.06"]
[SourceQuality "1"]

1. d4 d6 2. c4 Nd7 3. Nc3 e5 4. Nf3 Be7 5. e4 Ngf6 6. Be2 a6 7. 0-0 h6 8. h3 Nh7 9. Nd5 Bf6 10. Be3 0-0 11. Qc2 Re8 12. dxe5 Bxe5 13. Nxe5 dxe5 14. Rfd1 Nhf6 15. Rac1 Re6 16. c5 a5 17. Bc4 Rc6 18. Bb5 Re6 19. Bc4 Rc6 20. a3 Ne8 21. g3 Rg6 22. Kh2 a4 23. Be2 Ra5 24. Qc3 Ra7 25. Bh5 Rc6 26. Nb4 Re6 27. c6 bxc6 28. Bxa7 Qf6 29. Be3 Nd6 30. Qc2 Bb7 31. Bg4 Re7 32. Nxc6 Bxc6 33. Qxc6 Nf8 34. Kg2 Qg6 35. Bf3 Ne6 36. Kh2 Qf6 37. Rxd6 cxd6 38. Qxd6 Rb7 39. Bg2 Rxb2 40. Rf1 g5 41. Qd1 Rb3 42. Qc1 Kh7 43. Rd1 Qe7 44. Rd5 Rxa3 45. Rxe5 Rb3 46. Ra5 Qb4 47. Ra7 Kg6 48. e5 a3 49. Rb7 Qc3 50. Qxc3 Rxc3 51. Ra7 Nc5 52. Bxc5 Rxc5 53. Rxa3 Rxe5 54. g4 Re6 55. Re3 Rb6 56. Be4+ Kg7 57. Kg3 Rd6 58. Rd3 Re6 59. f3 Re7 60. Rd6 Ra7 61. Rb6 Rd7 62. Rb7 Rd4 63. Bf5 Kf6 64. Rb6+ Kg7 65. Be4 Ra4 66. Bd5 Rd4 67. Bb3 Rf4 68. h4 Rd4 69. Rb7 Rf4 70. Rb5 f6 71. Rb7+ Kh8 72. Bc2 Kg8 73. h5 1-0

[Event "Travnik op"]
[Site "Travnik"]
[Date "2017.07.28"]
[Round "4"]
[White "Lovrinovic, Christian"]
[Black "Sutkovic, Damir"]
[Result "0-1"]
[WhiteElo "2175"]
[BlackElo "2339"]
[PlyCount "88"]
[EventDate "2017.07.26"]
[EventType "swiss"]
[EventRounds "7"]
[EventCountry "BIH"]
[SourceTitle "CBM 179 Extra"]
[Source "ChessBase"]
[SourceDate "2017.08.23"]
[SourceVersion "1"]
[SourceVersionDate "2017.08.23"]
[SourceQuality "1"]

1. d4 Nf6 2. c4 c5 3. d5 e6 4. Nc3 exd5 5. cxd5 d6 6. e4 g6 7. f4 Bg7 8. Bb5+ Nfd7 9. a4 0-0 10. Nf3 Na6 11. 0-0 Nb4 12. Re1 a6 13. Bf1 Re8 14. Qb3 Rb8 15. Kh1 b6 16. h3 Bb7 17. Bc4 h6 18. Bd2 Kh7 19. Re2 Qc7 20. Rae1 Re7 21. e5 dxe5 22. Ne4 b5 23. d6 bxc4 24. dxc7 cxb3 25. cxb8Q Nxb8 26. Bxb4 cxb4 27. Nxe5 Rc7 28. Nd6 Bd5 29. Ne8 Rc2 30. Nxg7 Kxg7 31. Kg1 a5 32. Ng4 Bc6 33. Ne3 Rxe2 34. Rxe2 Bxa4 35. Rd2 Bc6 36. Nd5 Na6 37. Rd4 Bxd5 38. Rxd5 a4 39. Kf2 a3 40. Ke3 Nc5 41. Rd1 Na4 42. bxa3 bxa3 43. Rd4 b2 44. Rb4 a2 0-1

[Event "Niederoesterreich Landesliga 1617"]
[Site "Austria"]
[Date "2017.02.19"]
[Round "7.2"]
[White "Lovrinovic, Christian"]
[Black "Hofmann, Thomas"]
[Result "1/2-1/2"]
[WhiteElo "2157"]
[BlackElo "2260"]
[PlyCount "80"]
[EventDate "2016.10.02"]
[EventType "team-tourn"]
[EventRounds "11"]
[EventCountry "AUT"]
[SourceTitle "EXT 2018"]
[Source "ChessBase"]
[SourceDate "2017.10.13"]
[SourceVersion "1"]
[SourceVersionDate "2017.10.13"]
[SourceQuality "1"]
[WhiteTeam "Boehlerwerk"]
[BlackTeam "Mistelbach"]
[WhiteTeamCountry "AUT"]
[BlackTeamCountry "AUT"]

1. d4 Nf6 2. c4 e6 3. Nc3 d5 4. cxd5 exd5 5. Bg5 Be7 6. e3 Nbd7 7. Bd3 c6 8. Qc2 Nh5 9. Bxe7 Qxe7 10. Nge2 g6 11. h3 Nb6 12. 0-0-0 Ng7 13. Ng3 Be6 14. Kb1 0-0-0 15. Na4 Kb8 16. Rc1 Bc8 17. Nc5 Ne6 18. Nb3 h5 19. Ne2 Ng5 20. Rhe1 Ne4 21. Ng1 Rhe8 22. Nf3 Nd7 23. Ka1 Qd6 24. Nc5 Nef6 25. Nxd7+ Nxd7 26. g3 Re7 27. Qb3 b6 28. Qa4 Bb7 29. Rc3 Rc8 30. Ra3 a5 31. Rc1 Kc7 32. Qb3 Rh8 33. h4 Kd8 34. Ne5 b5 35. Nxd7 Rxd7 36. Rc5 Qb8 37. Qd1 a4 38. Qd2 Ke7 39. Qb4 Kf6 40. Rac3 Qd8 1/2-1/2

[Event "Vienna Husek op"]
[Site "Vienna"]
[Date "2014.07.13"]
[Round "9"]
[White "Fernandez, Michael"]
[Black "Lovrinovic, Christian"]
[Result "1/2-1/2"]
[WhiteElo "2029"]
[BlackElo "2167"]
[PlyCount "119"]
[EventDate "2014.07.05"]
[EventType "swiss"]
[EventRounds "9"]
[EventCountry "AUT"]
[SourceTitle "CBM 161 Extra"]
[Source "ChessBase"]
[SourceDate "2014.08.29"]
[SourceVersion "1"]
[SourceVersionDate "2014.08.29"]
[SourceQuality "1"]

1. e4 c5 2. Nf3 g6 3. d4 cxd4 4. Nxd4 Nc6 5. Be3 Bg7 6. c4 Nf6 7. Nc3 0-0 8. Be2 d6 9. 0-0 Nxd4 10. Bxd4 Bd7 11. Nd5 e5 12. Nxf6+ Bxf6 13. Be3 Bc6 14. f3 Qe7 15. Qd2 b6 16. Rfd1 Rad8 17. a4 Qb7 18. a5 Be7 19. axb6 axb6 20. Ra3 Rb8 21. Rda1 Qc7 22. Ra7 Rb7 23. Rxb7 Qxb7 24. b4 Rb8 25. b5 Bd7 26. Qd5 Kg7 27. f4 Be6 28. Qxb7 Rxb7 29. fxe5 dxe5 30. Ra6 Bd8 31. Kf2 Rb8 32. c5 bxc5 33. Bxc5 Rb7 34. Ra7 Rb8 35. Ke1 Bb6 36. Bxb6 Rxb6 37. Kd2 Kf6 38. Kc3 Rb8 39. Kb4 Kg5 40. Bc4 Bxc4 41. Kxc4 f5 42. exf5 gxf5 43. Kc5 e4 44. b6 e3 45. Re7 Rc8+ 46. Kb5 f4 47. b7 Rc2 48. Re5+ Kg6 49. Kb6 Rb2+ 50. Kc6 Rc2+ 51. Kb6 Rb2+ 52. Kc6 Rc2+ 53. Kd5 Rb2 54. Ke4 Rxb7 55. Kxf4 Rb2 56. Kf3 Rf2+ 57. Kg3 Re2 58. Kf3 Rf2+ 59. Kg3 Re2 60. Kf3 1/2-1/2

[Event "Vienna Husek op"]
[Site "Vienna"]
[Date "2014.07.12"]
[Round "8"]
[White "Lovrinovic, Christian"]
[Black "Jovanovic, Dusan D"]
[Result "0-1"]
[WhiteElo "2167"]
[BlackElo "2415"]
[PlyCount "94"]
[EventDate "2014.07.05"]
[EventType "swiss"]
[EventRounds "9"]
[EventCountry "AUT"]
[SourceTitle "CBM 161 Extra"]
[Source "ChessBase"]
[SourceDate "2014.08.29"]
[SourceVersion "1"]
[SourceVersionDate "2014.08.29"]
[SourceQuality "1"]

1. d4 Nf6 2. c4 e6 3. Nc3 Bb4 4. Nf3 b6 5. g3 Bb7 6. Bg2 0-0 7. 0-0 Bxc3 8. bxc3 d6 9. h3 Nbd7 10. Be3 c5 11. Rc1 Qc7 12. Qb3 Rac8 13. Rfd1 Rfd8 14. g4 Be4 15. Ne1 Bxg2 16. Kxg2 d5 17. cxd5 c4 18. Qc2 Nxd5 19. Bg5 Rf8 20. e4 Nf4+ 21. Bxf4 Qxf4 22. f3 f5 23. e5 fxg4 24. hxg4 b5 25. Qd2 Qf7 26. Kg3 Nb6 27. f4 h5 28. Ng2 Nd5 29. Rh1 hxg4 30. Rh4 Ne7 31. Rxg4 Nf5+ 32. Kf2 b4 33. Nh4 Nh6 34. Rg6 Nf5 35. Nxf5 Qxf5 36. Rcg1 Rc7 37. R6g4 Qe4 38. Kg3 Rd8 39. Rd1 b3 40. Qb2 Qe3+ 41. Kg2 bxa2 42. Qc2 Rf8 43. Rg3 Qxf4 44. Rh1 Rf5 45. Qxa2 Qe4+ 46. Kg1 Rf1+ 47. Kxf1 Qxh1+ 0-1

[Event "Vienna Husek op"]
[Site "Vienna"]
[Date "2014.07.08"]
[Round "4"]
[White "Iro, Christian"]
[Black "Lovrinovic, Christian"]
[Result "1/2-1/2"]
[WhiteElo "1944"]
[BlackElo "2167"]
[PlyCount "87"]
[EventDate "2014.07.05"]
[EventType "swiss"]
[EventRounds "9"]
[EventCountry "AUT"]
[SourceTitle "CBM 161 Extra"]
[Source "ChessBase"]
[SourceDate "2014.08.29"]
[SourceVersion "1"]
[SourceVersionDate "2014.08.29"]
[SourceQuality "1"]

1. e4 c5 2. Nf3 d6 3. d4 cxd4 4. Nxd4 Nf6 5. Nc3 g6 6. Be3 Bg7 7. f3 0-0 8. Qd2 Nc6 9. 0-0-0 d5 10. exd5 Nxd5 11. Nxc6 bxc6 12. Bd4 Bxd4 13. Qxd4 Qc7 14. h4 h5 15. g4 Qf4+ 16. Qxf4 Nxf4 17. gxh5 Nxh5 18. Bc4 Kg7 19. Rhe1 Re8 20. Ne4 Bf5 21. Ng5 f6 22. Ne6+ Bxe6 23. Rxe6 Nf4 24. Rxc6 Rac8 25. Rxc8 Rxc8 26. Bb3 Rc7 27. Rd8 Ng2 28. h5 g5 29. Rg8+ Kh7 30. Rd8 Nf4 31. Bf7 Kg7 32. Be8 Kh6 33. Rd7 Rxd7 34. Bxd7 Kxh5 35. c4 e6 36. Kd2 Kg6 37. b4 Kf7 38. a4 Ke7 39. Bc6 Kd6 40. Be4 f5 41. c5+ Kc7 42. Ba8 Kb8 43. Bc6 Kc7 44. Ba8 1/2-1/2

[Event "AUT-chT2O 1314"]
[Site "Austria"]
[Date "2014.02.23"]
[Round "9.5"]
[White "Pisk, Petr"]
[Black "Lovrinovic, Christian"]
[Result "1-0"]
[WhiteElo "2410"]
[BlackElo "2140"]
[PlyCount "91"]
[EventDate "2013.10.05"]
[EventType "team-tourn"]
[EventRounds "11"]
[EventCountry "AUT"]
[SourceTitle "EXT 2015"]
[Source "ChessBase"]
[SourceDate "2014.11.20"]
[SourceVersion "1"]
[SourceVersionDate "2014.11.20"]
[SourceQuality "1"]
[WhiteTeam "Zwettl"]
[BlackTeam "Waehring"]
[WhiteTeamCountry "AUT"]
[BlackTeamCountry "AUT"]

1. e4 c5 2. d4 cxd4 3. c3 dxc3 4. Nxc3 Nc6 5. Nf3 e6 6. Bc4 Qc7 7. 0-0 Nf6 8. Nb5 Qb8 9. e5 a6 10. exf6 axb5 11. fxg7 Bxg7 12. Bxb5 0-0 13. Qe2 d5 14. Rd1 Qd6 15. Ng5 h6 16. Ne4 Qe5 17. Nc3 Qxe2 18. Nxe2 Rd8 19. a4 e5 20. Ra3 Bf5 21. h3 Bg6 22. Bd3 Bf8 23. Rb3 Na5 24. Rb5 d4 25. Rxe5 Nc6 26. Rb5 Rxa4 27. Rxb7 Ra1 28. Rc7 Rd6 29. Rc8 Bxd3 30. Rxd3 f6 31. Kh2 Kf7 32. Bf4 Ne5 33. Rxd4 Rxd4 34. Nxd4 Rb1 35. Rc7+ Kg6 36. Bxe5 fxe5 37. Rc6+ Kf7 38. Nf3 Bg7 39. Rc2 Ke6 40. Nd2 Re1 41. Nc4 e4 42. Kg3 Bf6 43. Kg4 Bd4 44. Rd2 Bc5 45. Kf4 Be7 46. Ne3 1-0

[Event "AUT-chT2O 1314"]
[Site "Austria"]
[Date "2013.11.23"]
[Round "3.6"]
[White "Hechl, Gerald"]
[Black "Lovrinovic, Christian"]
[Result "0-1"]
[WhiteElo "2182"]
[BlackElo "2140"]
[PlyCount "184"]
[EventDate "2013.10.05"]
[EventType "team-tourn"]
[EventRounds "11"]
[EventCountry "AUT"]
[SourceTitle "CBM 157 Extra"]
[Source "ChessBase"]
[SourceDate "2013.12.19"]
[SourceVersion "1"]
[SourceVersionDate "2013.12.19"]
[SourceQuality "1"]
[WhiteTeam "Eichgraben"]
[BlackTeam "Waehring"]
[WhiteTeamCountry "AUT"]
[BlackTeamCountry "AUT"]

1. d4 Nf6 2. Bg5 Ne4 3. Bf4 d5 4. e3 c6 5. Bd3 Qb6 6. Bxe4 Qxb2 7. Nd2 dxe4 8. Ne2 g6 9. 0-0 Bg7 10. a4 Qb6 11. Nxe4 0-0 12. Nc5 Qd8 13. a5 Nd7 14. Nxd7 Bxd7 15. Qb1 b6 16. axb6 Qxb6 17. c3 c5 18. Qd3 Qc6 19. d5 Qc8 20. Ra5 e5 21. Bg3 c4 22. Qc2 h5 23. f3 Bf6 24. Qa2 a6 25. Ra1 Bb5 26. Bf2 Qd7 27. e4 Rfc8 28. Qd2 Bd8 29. R5a2 Qd6 30. Ng3 Kh7 31. Be3 h4 32. Nf1 f6 33. Qf2 f5 34. g3 Qf6 35. Qg2 Be7 36. Qh3 Rh8 37. Rg2 Kg7 38. exf5 Bd7 39. g4 gxf5 40. gxf5+ Kf8 41. f4 Bxf5 42. Qf3 e4 43. Qd1 Rg8 44. Rxg8+ Kxg8 45. Ra2 Bh3 46. d6 Qxd6 47. Qxd6 Bxd6 48. Nd2 Bf8 49. Nxe4 a5 50. Ra4 Bf5 51. Nd2 Bc2 52. Ra1 Bb3 53. Nf3 Bg7 54. Nd4 a4 55. Bc1 Bxd4+ 56. cxd4 c3 57. Kf2 Re8 58. Ba3 Re4 59. Rc1 c2 60. Kf3 Rxd4 61. Kg4 h3 62. Kxh3 Rxf4 63. Kg3 Rd4 64. Kf3 Kf7 65. Ke3 Rd1 66. h4 Kg6 67. Kf2 Kh5 68. Kg3 Rd3+ 69. Kf4 Rd4+ 70. Ke3 Rd1 71. Kf4 Kxh4 72. Bb2 Kh5 73. Kf5 Kh6 74. Kf6 Kh7 75. Ba3 Kg8 76. Kg6 Ba2 77. Kf6 Bb1 78. Ke6 Kg7 79. Bb2+ Kf8 80. Ba3+ Ke8 81. Bb2 Kd8 82. Ke5 Kc7 83. Ke4 Kc6 84. Ke3 Kb5 85. Ke2 Rd5 86. Rh1 Kc4 87. Bc1 Ba2 88. Rh4+ Kb5 89. Rh1 Bc4+ 90. Ke3 Rd3+ 91. Ke4 Rd1 92. Rh5+ Kb4 0-1

[Event "Niederoesterreich Landesliga 1213"]
[Site "Austria"]
[Date "2012.11.25"]
[Round "4"]
[White "Lovrinovic, Christian"]
[Black "Kleiser, Gregor"]
[Result "1-0"]
[WhiteElo "2141"]
[BlackElo "2228"]
[PlyCount "99"]
[EventDate "2012.09.30"]
[EventType "team-tourn"]
[EventRounds "7"]
[EventCountry "AUT"]
[SourceTitle "EXT 2022"]
[Source "ChessBase"]
[SourceDate "2021.10.06"]
[SourceVersion "1"]
[SourceVersionDate "2021.10.06"]
[SourceQuality "1"]

1. d4 Nf6 2. c4 g6 3. Nc3 d5 4. cxd5 Nxd5 5. e4 Nxc3 6. bxc3 Bg7 7. Nf3 c5 8. Rb1 0-0 9. Be2 cxd4 10. cxd4 Qa5+ 11. Bd2 Qxa2 12. 0-0 Bg4 13. Bg5 h6 14. Be3 Nc6 15. d5 Bxf3 16. gxf3 Nd4 17. Bxd4 Bxd4 18. Qxd4 Qxe2 19. Kg2 b6 20. Rfe1 Qa6 21. e5 Rac8 22. Ra1 Qb7 23. e6 Rc5 24. Rad1 f6 25. Qe4 f5 26. Qh4 Rxd5 27. Rxd5 Qxd5 28. Qxe7 a5 29. Qc7 Qd8 30. Qc6 Rf6 31. e7 Qxe7 32. Qd5+ Qf7 33. Qd8+ Kg7 34. Re7 g5 35. Rxf7+ Kxf7 36. Kg3 f4+ 37. Kg4 a4 38. Qd7+ Kg6 39. Qe8+ Rf7 40. Qe4+ Kg7 41. Qxa4 Rf6 42. Kh5 Kf7 43. Qd7+ Kf8 44. Kg4 b5 45. Qxb5 Ke7 46. Qb7+ Kd6 47. Qe4 Kd7 48. Qe5 Re6 49. Qg7+ Kd6 50. Kf5 1-0